Statistics for aespa all songs (May 2024 update)

Click here to take the quiz!

General Stats

  • This quiz has been taken 247 times
    (39 since last reset)
  • The average score is 36 of 47

Answer Stats

HintAnswer% Correct
ArmageddonArmageddon
100%
Digital SingleBlack Mamba
100%
DramaDrama
100%
GirlsGirls
100%
TETRIS
soundtrack
Hold On Tight
100%
SavageSavage
100%
MY WORLDSpicy
100%
Pre-release
(Armageddon)
Supernova
100%
Savageaenergy
92%
SavageIConic
92%
SavageLucid Dream
92%
3rd Digital singleNext Level
92%
MY WORLDThirsty
92%
SavageYeppi Yeppi
92%
ArmageddonBahama
83%
English digital
single
Better Things
83%
SM STATION
(S.E.S remake)
Dreams Come
True
83%
2nd Digital singleForever
83%
DramaHot Air Balloon
83%
SavageI'll Make You
Cry
83%
Pre-Release(Girls)
Illusion
83%
MY WORLDSalty & Sweet
83%
Pre-release
(MY WORLD)
Welcome To
MY World
83%
GirlsICU
75%
MY WORLDI'm Unhappy
75%
Christmas english
Digital Single
Jingle Bell
Rock
75%
English pre-
release single
(Girls)
Life's Too Short
75%
GirlsLingo
75%
ArmageddonMelody
75%
DramaTrick Or Trick
75%
DramaYOLO
75%
2022 Winter
SMTOWN :
SMCU PALACE
Pre-release
(with Red Velvet)
Beautiful
Christmas
67%
DramaDon't Blink
67%
ArmageddonLong Chat (#♥)
67%
ArmageddonMine
67%
MY WORLD'Til We Meet
Again
67%
DramaYou
67%
ArmageddonLicorice
58%
ArmageddonSet The Tone
58%
BEYBLADE X EDZoom zoom
58%
Rebel Moon:
Songs of the
Rebellion
Die Trying
50%
Fraggle Rock:
Back To The
Rock-SS 2
Soundtrack
Get Goin'
50%
ArmageddonLive My Life
50%
Djesse Vol. 4
(Jacob Collier,
Chris Martin)
Over You
42%
ArmageddonPrologue
42%
SM Station(Seo
Taiji and Boys
remake)
Regret of the
Times
42%
Pocket MOnster
(2023) OP
We go
42%

Score Distribution

Percentile by Number Answered

Percent of People with Each Score

Your Score History

You have not taken this quiz since the last reset